| 000 | 00579nam a2200229 4500 | ||
|---|---|---|---|
| 003 | OSt | ||
| 005 | 20180116183012.0 | ||
| 008 | 150909b xxu||||| |||| 00| 0 eng d | ||
| 020 | _a9780335241255 | ||
| 022 | _a9780335241255 | ||
| 040 | _c0 | ||
| 050 | _a657.3 | ||
| 082 | _a657.3 | ||
| 100 | _aSmith,Barry P. | ||
| 245 |
_aIntroductory Financial Accounting and Reporting. _cBarry P.Smith. |
||
| 260 |
_aNew York. _bMcGraw-Hill. _c2010. |
||
| 300 | _a178p. | ||
| 500 | _aPaper Cover | ||
| 600 | _aSmith,Barry P. | ||
| 700 | _aSmith,Barry P. | ||
| 942 |
_2ddc _cBK _k657.3 |
||
| 999 |
_c350304 _d350304 |
||